Lyrics of the golden west. (Record no. 13180)
[ view plain ]
| 000 -LEADER | |
|---|---|
| fixed length control field | 00687cam a22002171 4500 |
| 001 - CONTROL NUMBER | |
| control field | c 98000228 |
| 003 - CONTROL NUMBER IDENTIFIER | |
| control field | DLC |
| 005 - DATE AND TIME OF LATEST TRANSACTION | |
| control field | 20260227111039.0 |
| 007 - PHYSICAL DESCRIPTION FIXED FIELD--GENERAL INFORMATION | |
| fixed length control field | cr_||||||||||| |
| 008 - FIXED-LENGTH DATA ELEMENTS--GENERAL INFORMATION | |
| fixed length control field | 801211s1898 cau 000 0 eng |
| 010 ## - LIBRARY OF CONGRESS CONTROL NUMBER | |
| LC control number | c 98000228 |
| Canceled/invalid LC control number | 22023693 |
| 040 ## - CATALOGING SOURCE | |
| Original cataloging agency | DLC |
| Transcribing agency | DLC |
| Modifying agency | DLC |
| 050 00 - LIBRARY OF CONGRESS CALL NUMBER | |
| Classification number | PS1449.C67 |
| Item number | L9 |
| 100 1# - MAIN ENTRY--PERSONAL NAME | |
| Personal name | Crabb, William Darwin. |
| 245 00 - TITLE STATEMENT | |
| Title | Lyrics of the golden west. |
| Statement of responsibility, etc. | By W. D. Crabb. |
| 260 ## - PUBLICATION, DISTRIBUTION, ETC. | |
| Place of publication, distribution, etc. | San Francisco, |
| Name of publisher, distributor, etc. | The Whitaker & Ray company, |
| Date of publication, distribution, etc. | 1898. |
| 300 ## - PHYSICAL DESCRIPTION | |
| Extent | 120 p. |
| Dimensions | 20 cm. |
| 530 ## - ADDITIONAL PHYSICAL FORM AVAILABLE NOTE | |
| Additional physical form available note | Also available in digital form on the Internet Archive Web site. |
| 651 #0 - SUBJECT ADDED ENTRY--GEOGRAPHIC NAME | |
| Geographic name | West (U.S.) |
| General subdivision | Poetry. |
| 856 41 - ELECTRONIC LOCATION AND ACCESS | |
| Uniform Resource Identifier | <a href="http://hdl.loc.gov/loc.gdc/scd0001.00159883504">http://hdl.loc.gov/loc.gdc/scd0001.00159883504</a> |
No items available.